Marketing v obciach a mestách.

Zdroje finančnej podpory mesta. Opatrenia na zvýšenie príťažlivosti mesta. Účasť obyvateľstva. Podpory zo strany firiem a podnikov. Spôsoby zvyšovania záujmu obchodných a priemyselných podnikov a podnikanie v meste. Riadenie komunálnych služieb.

Enregistré dans:
Détails bibliographiques
Auteur principal: Hagemann, P.
Format: Chapitre de livre
Langue:slovaque
Sujets:
Tags: Ajouter un tag
Pas de tags, Soyez le premier à ajouter un tag!

MARC

LEADER 00000naa a2200000 4500
001 r006460
005 20221125081106.6
041 0 |a slo 
044 |a [CS] 
245 1 0 |a Marketing v obciach a mestách.  |c P. Hagemann 
520 |a Zdroje finančnej podpory mesta. Opatrenia na zvýšenie príťažlivosti mesta. Účasť obyvateľstva. Podpory zo strany firiem a podnikov. Spôsoby zvyšovania záujmu obchodných a priemyselných podnikov a podnikanie v meste. Riadenie komunálnych služieb. 
610 2 0 |a marketing 
610 2 0 |a mestá 
610 2 0 |a obce 
610 2 0 |a podpory 
610 2 0 |a podnikanie 
610 2 0 |a služby komunálne 
610 2 0 |a zdroje finančné 
610 2 0 |a dane 
610 2 0 |a infraštruktúra 
610 2 0 |a Nemecko 
610 2 0 |a financie verejné 
100 1 |a Hagemann, P.